Estatísticas para Cultura Geral

Clique aqui para jogar o quiz

Estatísticas Gerais

  • Esse quiz foi jogado 27 vezes
  • A pontuação média é 6 de 15

Estatísticas das Respostas

HintResposta% Correto
Quantas vidas se diz que o gato tem?7
100%
Em que país podemos encontrar a sede da empresa Suzuki?Japão
75%
Em que país podemos encontrar a sede da empresa Hermes?França
71%
Em que país podemos encontrar a sede da empresa Chevrolet?Estados Unidos
67%
Que cidade africana sediou a final da Copa do Mundo FIFA 2010?Joanesburgo
54%
Em que cidade africana costuma acontecer um rali?Dacar
50%
Em que país podemos encontrar a sede da empresa Volvo?Suécia
46%
A que programa de televisão americana pertence o casal Chandler & Monica ?Friends
38%
Qual é a cidade mais populosa do Médio oriente?Cairo
21%
Em que país podemos encontrar a sede da empresa Worten?Portugal
17%
Que tipo de criatura é o parente mais próximo de lulas e polvos?Choco
13%
Qual é o número 17 em binário?10001
4%
Que empresa de moda francesa vende sua bolsa Birkin acima de US$ 10.000, mas torna quase impossível comprá-la para criar a ilusão de escassez?Hermès
4%
De que língua vem a palavra "iogurte"?Turquia
4%
Qual é o único país fora da África onde as chitas ainda podem ser encontradas na natureza?Irão
0%

Distribuição das Pontuações

Percentil de Números Respondidos

Porcentagem de Pessoas com Cada Pontuação

Sua Pontuação Histórica

Você não jogou esse quiz